| 000 | 00960nam a2200277Ia 4500 | ||
|---|---|---|---|
| 999 |
_c8073 _d8073 |
||
| 003 | GCL | ||
| 005 | 20240530095526.0 | ||
| 008 | 140319s9999 xx 000 0 ara d | ||
| 040 |
_aGCL / _cGCL |
||
| 082 | 0 | 4 |
_a179.9 _bب ب |
| 100 | 1 | _aبروربا ، ميشيل | |
| 245 | 1 | 0 |
_aبناء الذكاء الاخلاقى : _bالمعايير والفضائل السبع التى تعلم الاطفال ان يكونوا اخلاقيين / _cميشيل بروربا |
| 250 | _aالاولى | ||
| 260 |
_aالامارات : _bدار الكتاب الجامعى ، _c2003 |
||
| 300 |
_a320 ص ؛ _c24 سم |
||
| 650 | 0 | 4 | _aالعدل |
| 650 | 0 | 4 | _aالضمير |
| 650 | 0 | 4 | _aالاطفال - رعاية |
| 650 | 0 | 4 | _aالتسامح |
| 650 | 0 | 4 | _aالاطفال - اخلاق |
| 650 | 0 | 4 | _aالعطف |
| 650 | 0 | 4 | _aالاحترام |
| 700 | 1 | _aسعد الحسنى (مترجم) | |
| 700 | 1 | _aمحمد جهاد جمل (مراجع) | |
| 942 |
_2ddc _cBK |
||